[Event "Moia op 4th"]
[Site "Moia"]
[Date "2015.10.30"]
[Round "7"]
[White "Sola Vilaseca, Arcadi"]
[Black "Farell Duran, Josep"]
[Result "1/2-1/2"]
[WhiteElo "1834"]
[BlackElo "1709"]
[PlyCount "49"]
[EventDate "2015.09.18"]
[EventType "swiss"]
[EventRounds "8"]
[EventCountry "ESP"]
[SourceTitle "EXT 2017"]
[Source "ChessBase"]
[SourceDate "2016.10.25"]
[SourceVersion "1"]
[SourceVersionDate "2016.10.25"]
[SourceQuality "1"]

1. d4 Nf6 2. c4 e6 3. Nf3 b6 4. Nc3 Bb4 5. Bd2 Bb7 6. e3 0-0 7. Be2 d6 8. a3 Bxc3 9. Bxc3 Nbd7 10. 0-0 Re8 11. Re1 Ne4 12. Qc2 Nxc3 13. Qxc3 Nf6 14. Nd2 c5 15. Bf3 cxd4 16. exd4 d5 17. b3 Qc7 18. Rac1 dxc4 19. Bxb7 Qxb7 20. bxc4 Rac8 21. f3 Red8 22. Qe3 Qd7 23. Nb3 h6 24. Red1 Qc7 25. Qd3 1/2-1/2

[Event "Moia op 4th"]
[Site "Moia"]
[Date "2015.10.16"]
[Round "5"]
[White "Sola Vilaseca, Arcadi"]
[Black "Carvajal Rodriguez, Juan"]
[Result "1/2-1/2"]
[WhiteElo "1834"]
[BlackElo "1733"]
[PlyCount "137"]
[EventDate "2015.09.18"]
[EventType "swiss"]
[EventRounds "8"]
[EventCountry "ESP"]
[SourceTitle "EXT 2017"]
[Source "ChessBase"]
[SourceDate "2016.10.25"]
[SourceVersion "1"]
[SourceVersionDate "2016.10.25"]
[SourceQuality "1"]

1. d4 Nf6 2. c4 c5 3. d5 d6 4. Nc3 e6 5. Nf3 exd5 6. cxd5 Bg4 7. e4 Be7 8. Be2 0-0 9. 0-0 Re8 10. h3 Bh5 11. Nh2 Bxe2 12. Qxe2 Nbd7 13. Bf4 Ne5 14. Bxe5 dxe5 15. f4 exf4 16. Rxf4 Bd6 17. Rff1 Qb6 18. b3 Qb4 19. Qc4 Be5 20. Rac1 Qxc4 21. bxc4 Bxc3 22. Rxc3 Nxe4 23. Rc2 Rad8 24. Nf3 b5 25. Re1 bxc4 26. Rce2 f5 27. Nd2 Kf7 28. Nxe4 Rxe4 29. Rxe4 fxe4 30. Rxe4 Rxd5 31. Rxc4 Ke6 32. Kf1 Re5 33. Ra4 Rf5+ 34. Ke2 Rf7 35. Rc4 Kd5 36. Rc2 c4 37. Ke3 Re7+ 38. Kd2 Rf7 39. Kc3 a5 40. Re2 Rb7 41. Rf2 g6 42. Rf4 Rc7 43. Rd4+ Ke5 44. Rxc4 Rxc4+ 45. Kxc4 Kf4 46. a4 Kg3 47. Kb5 Kxg2 48. Kxa5 Kxh3 49. Kb6 g5 50. a5 g4 51. a6 g3 52. a7 g2 53. a8Q g1Q+ 54. Kb5 Qb1+ 55. Kc4 Qc2+ 56. Kd4 Qd2+ 57. Ke5 Qg5+ 58. Kd4 Qg1+ 59. Ke5 Qg3+ 60. Kf6 Qd6+ 61. Kf7 Qg6+ 62. Ke7 Qg7+ 63. Ke6 Qg6+ 64. Ke5 Qg7+ 65. Kf4 Qg3+ 66. Kf5 h5 67. Qh1+ Qh2 68. Qxh2+ Kxh2 69. Kg5 1/2-1/2

[Event "Moia op 4th"]
[Site "Moia"]
[Date "2015.09.25"]
[Round "2"]
[White "Sola Vilaseca, Arcadi"]
[Black "Castano Sanchez, Tomas"]
[Result "1/2-1/2"]
[WhiteElo "1834"]
[BlackElo "1710"]
[PlyCount "99"]
[EventDate "2015.09.18"]
[EventType "swiss"]
[EventRounds "8"]
[EventCountry "ESP"]
[SourceTitle "EXT 2017"]
[Source "ChessBase"]
[SourceDate "2016.10.25"]
[SourceVersion "1"]
[SourceVersionDate "2016.10.25"]
[SourceQuality "1"]

1. d4 d5 2. c4 e6 3. Nf3 Nf6 4. e3 a6 5. Nc3 c5 6. dxc5 Bxc5 7. cxd5 exd5 8. Be2 0-0 9. 0-0 Nc6 10. a3 Bg4 11. b4 Bb6 12. Bb2 Qd6 13. h3 Bh5 14. Nh2 Rad8 15. Bxh5 Bc7 16. g3 Qe5 17. Bf3 Ne7 18. Na4 Qe6 19. Bg2 b5 20. Nc5 Qc6 21. Rc1 Qa8 22. Nd3 Qb8 23. Ng4 Nh5 24. Be5 Bxe5 25. Ngxe5 Nf6 26. Nc6 Nxc6 27. Rxc6 Qa7 28. Rc2 Rfe8 29. Re1 g6 30. Nc5 a5 31. bxa5 Ne4 32. Nxe4 dxe4 33. Qc1 Qxa5 34. Rc5 Rd3 35. Rc8 Rxc8 36. Qxc8+ Kg7 37. Qc1 f5 38. Qb2+ Kf7 39. Ra1 Qa4 40. Qb4 Rd1+ 41. Rxd1 Qxd1+ 42. Bf1 Qa1 43. Kg2 Qd1 44. Bxb5 Qf3+ 45. Kg1 Kg7 46. Qb2+ Kh6 47. Be2 Qf4 48. exf4 e3 49. Qf6 exf2+ 50. Kxf2 1/2-1/2

[Event "Moia op 3rd"]
[Site "Moia"]
[Date "2014.10.10"]
[Round "4"]
[White "Verdaguer Sanmarti, Jordi"]
[Black "Sola Vilaseca, Arcadi"]
[Result "0-1"]
[WhiteElo "1700"]
[BlackElo "1773"]
[PlyCount "98"]
[EventDate "2014.09.19"]
[EventType "swiss"]
[EventRounds "8"]
[EventCountry "ESP"]
[SourceTitle "EXT 2016"]
[Source "ChessBase"]
[SourceDate "2015.10.08"]
[SourceVersion "1"]
[SourceVersionDate "2015.10.08"]
[SourceQuality "1"]

1. e4 e5 2. f4 exf4 3. Nf3 d5 4. e5 Bg4 5. d4 g5 6. Be2 Nc6 7. b3 Bg7 8. Bb2 h6 9. Qd3 Qd7 10. Nc3 Nb4 11. Qd2 Bf5 12. Bd3 Ne7 13. 0-0-0 Nxd3+ 14. cxd3 0-0-0 15. Kb1 Kb8 16. Qf2 Nc6 17. Rhe1 Rhe8 18. Ne4 dxe4 19. dxe4 Bg6 20. Ba3 Bf8 21. Bxf8 Rxf8 22. d5 Ne7 23. Kb2 Nc8 24. Rd2 Nb6 25. e6 fxe6 26. Ne5 Qg7 27. Qd4 Ka8 28. Rc1 exd5 29. Nxg6 Qxd4+ 30. Rxd4 Rfe8 31. Rxc7 Kb8 32. Re7 dxe4 33. Rdxe4 Rxe7 34. Nxe7 Rd2+ 35. Kc3 Rxg2 36. Nf5 Rxh2 37. Re8+ Kc7 38. Rh8 f3 39. Kd3 g4 40. Ke3 Nd5+ 41. Kd3 Nf4+ 42. Ke4 Nh3 43. Rh7+ Kc6 44. Rxh6+ Kc5 45. Kd3 Nf2+ 46. Ke3 Rxh6 47. Nxh6 Nd1+ 48. Kf4 f2 49. Nxg4 f1Q+ 0-1